|
|
|
|
| LEADER |
00829nam a22002412a 4500 |
| 001 |
000227985 |
| 003 |
CZ BrMZK |
| 005 |
20090226131238.0 |
| 007 |
ta |
| 008 |
970103s1987 xo f 000 0 slo d |
| 040 |
|
|
|a BOA001
|b cze
|
| 080 |
|
|
|a 621(075.8)
|2 MRF
|
| 100 |
1 |
|
|a Vojtěch, Jiří,
|d 1939-
|7 jn20001227355
|4 aut
|
| 245 |
1 |
0 |
|a Strojníctvo I :
|b pre stredné priemyselné školy nestrojnícke /
|c Jiří Vojtěch, Vladimír Stejskal
|
| 250 |
|
|
|a 2. vyd.
|
| 260 |
|
|
|a Bratislava :
|b Alfa,
|c 1987
|
| 300 |
|
|
|a 137 s.
|
| 490 |
1 |
|
|a Edícia strojárskej literatúry
|
| 700 |
1 |
|
|a Stejskal, Vladimír,
|d 1936-
|7 jk01121128
|4 aut
|
| 830 |
|
0 |
|a Edícia strojárskej literatúry (Alfa)
|0 s
|
| 910 |
|
|
|a BOA001
|b TK-0233.567
|
| 990 |
|
|
|a BK
|
| 996 |
7 |
|
|b 2629996744
|c TK-0233.567
|l MZK
|r Sklad / do 24 hodin
|n 0
|w 000227985
|u 000010
|a 1
|e BOA001
|j MZK50
|s A
|